000 00503nab a22001577 4500
003 ES-SlBCS
005 20231213215128.0
008 231213s2023 sp ||||| |||| 00| 0 spa d
040 _aES-SlBCS
_bspa
041 _aspa
100 1 _aFX.
_9424781
245 1 0 _aDiálogo interreligioso y universidades católicas: una lección de Indonesia
_cFX. Eko Armada Riyanto
700 1 _aArmada Riyanto, Eko
_9424782
773 0 _gNúm. 403, 2023, págs. 141-158
_tConcilium
_wRev134
_x0210-1041
942 _2lcc
_cAR
999 _c893278
_d893278